000 00515nam a22001817a 4500
999 _c167450
_d167450
005 20220217162806.0
010 _aENG-126405
020 _a978-93-80816-26-5
_c150.00
035 _aEN-109937
037 _bDBAD/PUB
082 _aN
100 _aConrad,Joseph
245 _aLord Jim /
_cby Joseph conrad
260 _aNoida
_bMaple Press Private Limited
_c2018
270 _bNoida
_aA63, Sector 58 , Noida
_e201301
_k911204553581
_minfo@maplepress.co.in
300 _a288p.
_c22cm(pbk)
942 _2ddc
_cEN
_hN
_mCON